000
00285nam a22001337a 4500
008
240126b ||||| |||| 00| 0 eng d
041
_a
eng
080
_2
THIRD EDITION
_a
521
082
_a
521KAH
100
_a
19
101
_a
ASTRO
245
_a
QUASARS
_c
F.D.KAHN
942
_2
udc
_c
BK
999
_c
60549
_d
60549